| 000 | 01027nam a22002177a 4500 | ||
|---|---|---|---|
| 999 |
_c7227 _d7227 |
||
| 003 | AR-CdUCM | ||
| 008 | 190320b ||||| |||| 00| 0 spa d | ||
| 040 |
_aMUNICIPALIDAD PROVINCIAL DEL CUSCO _cBIBLIOTECA MUNICIPAL DEL CUSCO |
||
| 082 |
_a250 / _bM86 |
||
| 100 |
_aMorales, Ambrosio _920370 |
||
| 245 |
_aLabor humanitaria y cultural de la Iglesia en hispano América : _bopúsculo dedicado a la Real Universidad de San Marcos de Lima, en el cuarto centenario de su fundación 1551-1951 / |
||
| 260 |
_aArequipa : _bPortugal, _c1951. |
||
| 300 |
_a71 páginas ; _c19 cm. |
||
| 500 | _aDonación de la familia Nieto. | ||
| 505 | _aContenido: Catedráticos de la Real Universidad, desde su fundación hasta 1735 -- Labor humanitaria y cultural de la Iglesia en hispano América -- Labor humanitaria y cultural de la Iglesia en el Perú -- Las Universidades en el Perú ... | ||
| 650 |
_aPerú _935 |
||
| 650 |
_aOrdenes Religiosas _920371 |
||
| 650 |
_aUniversidades del Peú _920372 |
||
| 942 |
_2ddc _cLIBROS |
||
| 945 | _araen | ||